Warisan Lembah Bujang (Record no. 107713)

MARC details
000 -LEADER
fixed length control field 00787nam a2200265 i 4500
001 - CONTROL NUMBER
control field C2-0304585
003 - CONTROL NUMBER IDENTIFIER
control field PPAK
005 - DATE AND TIME OF LATEST TRANSACTION
control field 20180728085711.0
008 - FIXED-LENGTH DATA ELEMENTS--GENERAL INFORMATION
fixed length control field 100602s1992 my a|||| ||||| | may d
040 ## - CATALOGING SOURCE
Original cataloging agency PPAK
Language of cataloging eng
Transcribing agency PPAK
Description conventions rda
082 04 - DEWEY DECIMAL CLASSIFICATION NUMBER
Classification number 069.09595112
Edition number 23
090 00 - LOCALLY ASSIGNED LC-TYPE CALL NUMBER (OCLC); LOCAL CALL NUMBER (RLIN)
Classification number (OCLC) (R) ; Classification number, CALL (RLIN) (NR) 069.09595112
Feature heading NIK
Feature heading KLB
Classification number (OCLC) (R) ; Classification number, CALL (RLIN) (NR) 069.09595112
Feature heading NIK
Feature heading KMI
100 0# - MAIN ENTRY--PERSONAL NAME
Personal name Nik Hassan Shuhaimi Nik Abd. Rahman,
Relator term author
245 10 - TITLE STATEMENT
Title Warisan Lembah Bujang
264 #1 - PRODUCTION, PUBLICATION, DISTRIBUTION, MANUFACTURE, AND COPYRIGHT NOTICE
Place of production, publication, distribution, manufacture Bangi, Selangor :
Name of producer, publisher, distributor, manufacturer Universiti Kebangsaan Malaysia ,
Date of production, publication, distribution, manufacture, or copyright notice 1992
300 ## - PHYSICAL DESCRIPTION
Extent xvii., 129 pages :
Other physical details illustrations ;
Dimensions 23 cm
336 ## - CONTENT TYPE
Source rdacontent
Content type term text
337 ## - MEDIA TYPE
Source rdamedia
Media type term unmediated
338 ## - CARRIER TYPE
Source rdacarrier
Carrier type term volume
500 ## - GENERAL NOTE
General note Salinan fotokopi
650 10 - SUBJECT ADDED ENTRY--TOPICAL TERM
Topical term or geographic name entry element Museums-Malaysia-Kedah.
700 ## - ADDED ENTRY--PERSONAL NAME
Relator term author
942 ## - ADDED ENTRY ELEMENTS (KOHA)
-- dc
Koha item type Book
Holdings
Withdrawn Not for loan Current library Shelving location Date acquired Full call number Barcode Date last seen Koha item type
  Not For Loan Perpustakaan Alor Setar Koleksi Prof. Dr. Muhammad Isa Othman 06/06/2011 KMI 069.09595112 NIK A00384742 09/05/2018 Book
  Not For Loan Perpustakaan Merbok Koleksi Lembah Bujang 02/06/2010 KLB 069.09595112 NIK A00510419 09/05/2018 Book